|
|
|
|
| LEADER |
00000nam a22000007a 4500 |
| 008 |
210125b ||||| |||| 00| 0 eng d |
| 020 |
|
|
|a 978-1-4462-7353-1
|
| 100 |
|
|
|a SCHERBAUM, Charles A.
|
| 245 |
|
|
|a Analysing quantitative data for business and management students
|c Charles A. Scherbaum & Kristen M. Shockley.
|g xiii; 165p.; ill.
|
| 260 |
|
|
|b Sage
|c 2015
|h Los Angeles
|i 693433
|i 693434
|l HD30.4 .Sch2
|m Business – Research.
|m Management science.
|m Quantitative research.
|
| 942 |
|
|
|a lcc
|c BK
|e YUNUSA, A.A.
|f 25/01/2021
|
| 952 |
|
|
|0 0
|1 0
|2 lcc
|4 0
|6 HD00304 S C H2
|7 0
|9 1714
|a HOL
|b EDM
|c GJ
|d 2021-01-25
|l 0
|o HD30.4 .Sch2
|p 2021-0492
|r 2021-01-25 00:00:00
|w 2021-01-25
|y BK
|
| 952 |
|
|
|0 0
|1 0
|2 lcc
|4 0
|6 HD00304 S C H2
|7 0
|9 1715
|a HOL
|b HOL
|c GJ
|d 2021-01-25
|l 0
|o HD30.4 .Sch2
|p 2021-0493
|r 2021-01-25 00:00:00
|w 2021-01-25
|y BK
|
| 999 |
|
|
|c 911
|d 911
|